Central Library OPAC University of Rajshahi

Neural networks in computer intelligence / (Record no. 38338)

MARC details
000 -LEADER
fixed length control field 00723cam a2200241 a 4500
001 - CONTROL NUMBER
control field 38338
003 - CONTROL NUMBER IDENTIFIER
rucl marc code (BD-RjUL)
005 - DATE AND TIME OF LATEST TRANSACTION
control field 20211209052757.0
008 - FIXED-LENGTH DATA ELEMENTS--GENERAL INFORMATION
fixed length control field 940718s1994 nyua b 001 0 eng
020 ## - INTERNATIONAL STANDARD BOOK NUMBER
International Standard Book Number 0071133194
035 ## - SYSTEM CONTROL NUMBER
System control number (BD-RjUL)
040 ## - CATALOGING SOURCE
Original cataloging agency DLC
Transcribing agency (BD-RjUL)
Modifying agency DLC
Language of cataloging eng
041 ## - LANGUAGE CODE
Language code of text/sound track or separate title eng
082 00 - DEWEY DECIMAL CLASSIFICATION NUMBER
Classification number 006.3
Edition number 20
Author mark and year FUN 1994
100 1# - MAIN ENTRY--PERSONAL NAME
Personal name Fu, LiMin,
9 (RLIN) 118494
245 10 - TITLE STATEMENT
Title Neural networks in computer intelligence /
Statement of responsibility, etc. LiMin Fu.
260 ## - PUBLICATION, DISTRIBUTION, ETC. (IMPRINT)
Place of publication, distribution, etc. New York :
Name of publisher, distributor, etc. McGraw-Hill,
Date of publication, distribution, etc. c1994.
300 ## - PHYSICAL DESCRIPTION
Pagination xix, 460 p. :
Illustrations ill. ;
Size 24 cm.
504 ## - BIBLIOGRAPHY, ETC. NOTE
Bibliography, etc Includes bibliographical references and index.
650 #0 - SUBJECT ADDED ENTRY--TOPICAL TERM
Topical term or geographic name as entry element Neural networks (Computer science)
9 (RLIN) 118250
Topical term or geographic name as entry element Artificial intelligence.
9 (RLIN) 118495
942 ## - ADDED ENTRY ELEMENTS (KOHA)
Source of classification or shelving scheme Dewey Decimal Classification
Koha item type Books
Holdings
Lost status Source of classification or shelving scheme Damaged status Not for loan Permanent Location Current Location Shelving location Date acquired Total Checkouts Full call number Date last seen Copy number Koha item type Collection code Source of acquisition Cost, normal purchase price
  Dewey Decimal Classification     Central Library, University of Rajshahi Central Library, University of Rajshahi   08/06/2000   006.3 FUN 1994 07/11/2016 C-4 Books Non-fiction Dhaka, Ahsania Mission Book 666.00
  Dewey Decimal Classification     Central Library, University of Rajshahi Central Library, University of Rajshahi   08/06/2000   006.3 FUN 1994 15/03/2017 C-5 Books Non-fiction Karim International 666.00
  Dewey Decimal Classification   Not For Loan Department of Information and Communication Engineering (ICE) Library Department of Information and Communication Engineering (ICE) Library Seminar Library 08/11/2015   006.3 FUN 1994 08/11/2015 C.1 Books      
  Dewey Decimal Classification     Department of Information and Communication Engineering (ICE) Library Department of Information and Communication Engineering (ICE) Library Seminar Library 08/11/2105   006.3 FUN 1994 08/11/2015 C.2 Books      
  Dewey Decimal Classification     Department of Information and Communication Engineering (ICE) Library Department of Information and Communication Engineering (ICE) Library Seminar Library 08/11/2015   006.3 FUN 1994 08/11/2015 C.3 Books